Ιστορία
Saved in:
| Main Author: | |
|---|---|
| Other Authors: | |
| Format: | Book |
| Language: | Greek |
| Published: |
Αθήνα :
Κανάκης,
2000.
|
| Series: | Κείμενα βυζαντινής ιστοριογραφίας ;
v.9 |
| Subjects: | |
| Tags: |
Add Tag
No Tags, Be the first to tag this record!
|
MARC
| LEADER | 00000cam a2200000 i 4500 | ||
|---|---|---|---|
| 001 | 1/34153 | ||
| 008 | 030304s2000 gr | ||| |||| ||gre|| | ||
| 020 | |a 9607420632 | ||
| 035 | |l 10069643 | ||
| 040 | |a GR-MY-UA |b gre |e aacr | ||
| 041 | 0 | |a gre | |
| 082 | 7 | |a 938.3 |2 (22) | |
| 100 | 0 | |a Λέων ο Διάκονος, |d 10ος αι. | |
| 245 | 1 | 0 | |a Ιστορία / |c Λέων Διάκονος ; μετάφραση, εισαγωγή, σχόλια: Βρασίδας Καραλής. |
| 260 | |a Αθήνα : |b Κανάκης, |c 2000. | ||
| 300 | |a 432 σ. ; |c 21 εκ. | ||
| 490 | 1 | |a (Κείμενα βυζαντινής ιστοριογραφίας ; |v vol.9) | |
| 504 | |a Περιλαμβάνει βιβλιογραφικές παραπομπές και ευρετήριο. | ||
| 651 | 0 | |a Byzantine Empire |x History. | |
| 700 | 1 | |a Καραλής, Βρασίδας, |e trl | |
| 830 | 0 | |a Κείμενα βυζαντινής ιστοριογραφίας ; |v v.9 | |
| 852 | |a INST |b RHODES |e 20030304 |h 938.3 ΛΕΩ |p 005400014077 |q 005400014077 |t BK |y 0 | ||
| 901 | |a BIBL4-2003-1 | ||
| 909 | |a Ρ |b 104114 | ||
| 922 | |a 4ΕΛΗ |b 200301 |c ΕΠΕΑΕΚ2/ΤΜΣ |d ΠΑΠΑΣΩΤΗΡΙΟΥ & ΕΛΕΥΘΕΡΟΥΔΑΚΗΣ | ||
| 970 | |a ΚΟΥΛΑΚΙΟΤΗ |b ΛΙΤΣΑ |z 2003/03/11 | ||